00667nam a2200193Ia 4500952012900000999001700129003000400146005001700150008004100167020001500208040000900223082001900232100002800251245007100279260005200350300000900402650001800411942004400429 00102ddc40708DRAaMESbMEScENGd2019-02-20g86.00l0o812.508 RIC/Mp20121r2019-02-20 00:00:00w2019-02-20yBKzGR14R1 c13707d13707OSt20201021121242.0190216s9999||||xx |||||||||||||| ||und|| a8185336180 coclc a812.508bRIC/M aRichards, Stanley95338 4aThe Most Popular Plays Of The American Theatre /cStanley Richards bAffiliated East West Press ,c1989.aNew Delhi: a703p aEnglish Drama cBK2ddch812.508iRIC/Mk812.508mRIC/M